00755nam a2200193 a 450000100100000000500170001000800410002704000250006808200180009310000350011124501580014626000770030430000210038165000430040270000320044570000340047770000330051199900170054400002079220200930011148.0100817s1958 pr 000 0 spa d aDO-SdBNPbspacBPJMB a372.61bG633m1 aGómez Tejera, Carmen,94357310aManual para la enseñanza de la lengua en la escuela elemental /cCarmen Gómez Tejera, Ana María Losada, Jorge L. Porras Cruz y Enrique A. Laguerre. aHato Rey, Puerto Rico :bDepartamento de Instrucción Pública,c1958. a117 p. ;c21 cm. 4aEspañolxEnseñanza básica9363791 aLosada, Ana María,9435741 aPorras Cruz, Jorge L.,9435751 aLaguerre, Enrique A.,920867 c20296d20296